عرض عادي عرض مارك
  • Mathematical analysis.

مدخل مصطلح موضوعي

عدد التسجيلات المستخدمة في: 12

001 - رقم الضبط

  • حقل الضبط: 4615

003 - معرف رقم الضبط

  • حقل الضبط: OSt

005 - تاريخ ووقت أخر عملية

  • حقل الضبط: 20110915075149.0

008 - عناصر بيانات ثابتة الطول

  • حقل تحكم ثابت الطول: 110915|||a|||||| | ||| d

040 ## - مصدر الفهرسة

  • هيئة الفهرسة الأصلية: OSt
  • وكالة الكتابة: OSt

150 ## - مدخل-- مصطلح تاريخي

  • عنصر مدخل المصطلح الموضوعي او الاسم الجغرافي: Mathematical analysis.

670 ## - بيانات المصدر موجوده

  • الاستشهاد بالمصدر: Work cat.: (OSt)0: Saff, E. B., 1944- 4614, Fundamentals of complex analysis with applications to engineering and science /, c2003.